| 000 | 00928nam a2200229 i 4500 | ||
|---|---|---|---|
| 001 | 40198 | ||
| 003 | ES-MaACL | ||
| 005 | 20260326133812.0 | ||
| 007 | t| | ||
| 008 | 030305s1821 sp ||||1| spa d | ||
| 245 | 0 | 0 | _aCarta a un americano sobre la forma de gobierno que para hacer practicable la Constitución y las Leyes, conviene establecer en Nueva España atendida su actual situación. |
| 260 |
_aMadrid : _b[s.n.], _c1821 ( _fIbarra) |
||
| 300 |
_a12 p. ; _c4º. |
||
| 530 | _aDisponible en formato digital. | ||
| 596 | _aMarca tipográfica en portada. | ||
| 597 | _aSign.: 1², 24. | ||
| 651 | 4 |
_aAmérica española- _xHistoria- _y1806-1830, Guerras de la Independencia. _97726 |
|
| 852 |
_aES-MaACL _j1485-F-1 _941668 _cDEPOF _zRevisado enlace: 25 Marzo 2025. |
||
| 856 | 4 |
_uhttp://bdh-rd.bne.es/viewer.vm?id=0000198497&page=1 _yBiblioteca Digital Hispánica |
|
| 942 | _2udc | ||
| 999 |
_c40198 _d40198 |
||